| 000 | 01568nam a2200373 a 4500 | ||
|---|---|---|---|
| 999 |
_c198297 _d198297 |
||
| 003 | BLK | ||
| 005 | 20250225005541.0 | ||
| 008 | 180411b bul|||||r ||||||| ||bul|| | ||
| 010 | _aKNG00207641000 | ||
| 040 | _aBLK | ||
| 041 |
_aBUL _cBUL |
||
| 072 | 7 |
_2bullib _aА _xФонд Михаил Арнаудов |
|
| 080 |
_aНационалнореволюционно движение през 70-те години _b94(497.2)"187..." _x(092) _z94(497.2)"187..."(092) |
||
| 080 |
_aБългарска литература _b821.163.2 _x(091)(092) _z821.163.2(091)(092) |
||
| 100 | 1 |
_aДимитров, Михаил _eпърви автор _gДафинкичев, Михаил Димитров _9378130 |
|
| 139 |
_aДимитров, Михаил _bБ 70 |
||
| 245 | 1 | 0 |
_aХристо Ботев _bИдеи : Личност : Творчество _cМихаил Димитров; * Михаил Димитров Дафинкичев. |
| 257 | _aBGR | ||
| 260 |
_aСофия _bНово у-ще _c1919 _fСофия : Напред |
||
| 300 |
_a240 с. _c23 см |
||
| 380 | _a9 | ||
| 500 | _aФонд Михаил Арнаудов - твърда подв. | ||
| 653 | _aХристо Ботев | ||
| 659 | _aА | ||
| 700 | 1 |
_aДафинкичев, Михаил Димитров _e* _9343210 |
|
| 852 |
_aЦб 8.230.2953 _bЦб |
||
| 852 | _a МА 1028 | ||
| 856 | 4 | _qpdf | |
| 856 | 4 | _qpdf | |
| 942 |
_cKNG _n0 _s1 |
||
| 944 |
_aCR _c08.06.2017 _k _lCRON CRON |
||
| 944 |
_aED _c28.07.2017 _kГеновева_Генчева |
||
| 999 | _d198297 | ||